[Event "Wroclaw Anderssen Memorial op"]
[Site "Wroclaw"]
[Date "2018.08.05"]
[Round "13"]
[White "Piesik, Piotr"]
[Black "Markowski, Piotr"]
[Result "1-0"]
[WhiteElo "2352"]
[BlackElo "2117"]
[PlyCount "95"]
[EventDate "2018.08.04"]
[EventType "swiss (rapid)"]
[EventRounds "13"]
[EventCountry "POL"]
[SourceTitle "CBM 185 Extra"]
[Source "ChessBase"]
[SourceDate "2018.07.29"]
[SourceVersion "1"]
[SourceVersionDate "2018.07.29"]
[SourceQuality "1"]

1. Nf3 Nf6 2. g3 d5 3. Bg2 g6 4. 0-0 Bg7 5. d4 0-0 6. c4 c6 7. Nc3 Bf5 8. cxd5 cxd5 9. Qb3 b6 10. Ne5 Be6 11. Bf4 h6 12. Rac1 g5 13. Be3 Na6 14. Nb5 Ne8 15. Nc6 Qd7 16. Bxd5 Bh3 17. Rfd1 Nac7 18. Nxc7 Nxc7 19. Bf3 e6 20. Ne5 Bxe5 21. dxe5 Nd5 22. Bxd5 exd5 23. Qxd5 Qxd5 24. Rxd5 Be6 25. Rd6 Bxa2 26. Rxh6 Rac8 27. Rxc8 Rxc8 28. Bxg5 Kg7 29. Rd6 Rc2 30. Rd2 Rxd2 31. Bxd2 a5 32. f3 Kg6 33. g4 Bc4 34. Kf2 a4 35. e4 b5 36. h4 Bb3 37. Kg3 Bd1 38. h5+ Kh7 39. g5 Bb3 40. Kh4 Be6 41. f4 Bc4 42. f5 Bd3 43. g6+ fxg6 44. hxg6+ Kg7 45. Kg5 Bxe4 46. f6+ Kg8 47. f7+ Kg7 48. Bb4 1-0

[Event "Wroclaw op"]
[Site "Wroclaw"]
[Date "2018.08.03"]
[Round "8"]
[White "Dubinski, Mateusz"]
[Black "Markowski, Piotr"]
[Result "1-0"]
[WhiteElo "2245"]
[BlackElo "2117"]
[PlyCount "45"]
[EventDate "2018.07.30"]
[EventType "swiss"]
[EventRounds "9"]
[EventCountry "POL"]
[SourceTitle "CBM 185 Extra"]
[Source "ChessBase"]
[SourceDate "2018.07.29"]
[SourceVersion "1"]
[SourceVersionDate "2018.07.29"]
[SourceQuality "1"]

1. d4 Nf6 2. c4 e6 3. Nc3 Bb4 4. e3 0-0 5. Nge2 d5 6. a3 Be7 7. cxd5 exd5 8. Nf4 Re8 9. Bd3 c5 10. 0-0 cxd4 11. exd4 Nc6 12. Be3 Bd6 13. h3 Bc7 14. Qf3 Be6 15. Rad1 a6 16. Bb1 Qd6 17. g3 Rad8 18. Nxe6 fxe6 19. Bg5 e5 20. Bxf6 e4 21. Nxe4 dxe4 22. Qb3+ Kh8 23. Bxd8 1-0

[Event "Wroclaw op"]
[Site "Wroclaw"]
[Date "2018.07.31"]
[Round "2"]
[White "Zeberski, Jakub"]
[Black "Markowski, Piotr"]
[Result "1-0"]
[WhiteElo "2343"]
[BlackElo "2117"]
[PlyCount "59"]
[EventDate "2018.07.30"]
[EventType "swiss"]
[EventRounds "9"]
[EventCountry "POL"]
[SourceTitle "CBM 185 Extra"]
[Source "ChessBase"]
[SourceDate "2018.07.29"]
[SourceVersion "1"]
[SourceVersionDate "2018.07.29"]
[SourceQuality "1"]

1. e4 c5 2. b3 Nf6 3. e5 Nd5 4. Bb2 Nc6 5. Nf3 d6 6. Bb5 Bg4 7. h3 Bh5 8. Nc3 Nc7 9. Bxc6+ bxc6 10. Qe2 d5 11. Na4 Bxf3 12. Qxf3 e6 13. 0-0 Qg5 14. Qe2 a5 15. f4 Qg6 16. d3 Be7 17. Ba3 Nb5 18. Bxc5 Bxc5+ 19. Nxc5 0-0 20. Qf2 d4 21. a4 Nc3 22. Rae1 Rad8 23. Kh2 Rd5 24. Ne4 Nxe4 25. dxe4 Rc5 26. c4 Rd8 27. Rd1 Qxe4 28. Rfe1 Qf5 29. Rxd4 Rf8 30. Rde4 1-0

[Event "POL-ch Academic"]
[Site "Katowice"]
[Date "2018.02.02"]
[Round "3"]
[White "Markowski, Piotr"]
[Black "Dowgird, Filip"]
[Result "1-0"]
[WhiteElo "2117"]
[BlackElo "2256"]
[PlyCount "35"]
[EventDate "2018.02.02"]
[EventType "swiss (rapid)"]
[EventRounds "9"]
[EventCountry "POL"]
[SourceTitle "CBM 182 Extra"]
[Source "ChessBase"]
[SourceDate "2018.02.23"]
[SourceVersion "1"]
[SourceVersionDate "2018.02.23"]
[SourceQuality "1"]

1. c4 e5 2. Nc3 Nf6 3. g3 Bb4 4. Bg2 0-0 5. e3 Bxc3 6. bxc3 c6 7. Ne2 d5 8. cxd5 cxd5 9. 0-0 Nc6 10. Rb1 Re8 11. d4 e4 12. c4 dxc4 13. Qa4 Bg4 14. Nc3 Qd7 15. Qxc4 a6 16. a4 Qf5 17. Rxb7 Na5 18. Qxf7+ 1-0

[Event "POL-ch Academic"]
[Site "Katowice"]
[Date "2018.02.02"]
[Round "5"]
[White "Markowski, Piotr"]
[Black "Eggink, Ryszard"]
[Result "0-1"]
[WhiteElo "2117"]
[BlackElo "2343"]
[PlyCount "88"]
[EventDate "2018.02.02"]
[EventType "swiss (rapid)"]
[EventRounds "9"]
[EventCountry "POL"]
[SourceTitle "CBM 182 Extra"]
[Source "ChessBase"]
[SourceDate "2018.02.23"]
[SourceVersion "1"]
[SourceVersionDate "2018.02.23"]
[SourceQuality "1"]

1. c4 Nf6 2. Nc3 e6 3. e4 d5 4. cxd5 exd5 5. e5 d4 6. exf6 dxc3 7. bxc3 Qxf6 8. d4 Bd6 9. Nf3 0-0 10. Bg5 Re8+ 11. Be2 Qe6 12. Be3 Qg6 13. 0-0 Bh3 14. Nh4 Qf6 15. Nf3 Qg6 16. Nh4 Qf6 17. Bg4 Bxg4 18. Qxg4 Nc6 19. Nf5 Qg6 20. Qxg6 hxg6 21. Nxd6 cxd6 22. d5 Ne5 23. Bd4 Nd3 24. Rfd1 Nf4 25. Kf1 Ne2 26. a4 Nxd4 27. Rxd4 Rac8 28. c4 Rc5 29. a5 Rec8 30. Ra4 Re8 31. Rd2 Re4 32. Rb2 Rxd5 33. cxd5 Rxa4 34. Rxb7 Rxa5 35. Rd7 Rxd5 36. Rxa7 g5 37. h3 f6 38. Ke2 Kh7 39. Kf3 Kg6 40. Ke4 Re5+ 41. Kf3 f5 42. Rd7 Rd5 43. g4 f4 44. Ke4 Rd2 0-1

[Event "POL-ch Academic"]
[Site "Katowice"]
[Date "2018.02.02"]
[Round "4"]
[White "Reza, Wojciech"]
[Black "Markowski, Piotr"]
[Result "1/2-1/2"]
[WhiteElo "2283"]
[BlackElo "2117"]
[PlyCount "65"]
[EventDate "2018.02.02"]
[EventType "swiss (rapid)"]
[EventRounds "9"]
[EventCountry "POL"]
[SourceTitle "CBM 182 Extra"]
[Source "ChessBase"]
[SourceDate "2018.02.23"]
[SourceVersion "1"]
[SourceVersionDate "2018.02.23"]
[SourceQuality "1"]

1. e4 c5 2. Nf3 Nc6 3. Bb5 g6 4. Bxc6 bxc6 5. 0-0 Bg7 6. Re1 Nh6 7. c3 0-0 8. d4 cxd4 9. cxd4 f6 10. Nc3 Nf7 11. b3 d6 12. h3 Rb8 13. Bb2 e5 14. Rc1 Bb7 15. Rc2 Qa5 16. d5 cxd5 17. Nxd5 Bxd5 18. Qxd5 Qxa2 19. Nd2 Rbc8 20. Rec1 Rxc2 21. Rxc2 Bh6 22. Qd3 Kg7 23. Nc4 Rb8 24. Rc3 a5 25. Qc2 Rb4 26. Na3 a4 27. Kf1 Rxb3 28. Rxb3 Qxb3 29. Qxb3 axb3 30. Ke2 f5 31. f3 Kf6 32. Kd3 fxe4+ 33. Kxe4 1/2-1/2

[Event "Wroclaw op-A 8th"]
[Site "Wroclaw"]
[Date "2013.07.05"]
[Round "5"]
[White "Markowski, Piotr"]
[Black "Khamidov, Komil"]
[Result "1-0"]
[WhiteElo "2139"]
[BlackElo "2080"]
[PlyCount "105"]
[EventDate "2013.07.01"]
[EventType "swiss"]
[EventRounds "9"]
[EventCountry "POL"]
[SourceTitle "CBM 155 Extra"]
[Source "ChessBase"]
[SourceDate "2013.08.26"]
[SourceVersion "1"]
[SourceVersionDate "2013.08.26"]
[SourceQuality "1"]

1. e4 d6 2. c4 c5 3. Nf3 g6 4. d4 cxd4 5. Nxd4 Bg7 6. Be3 Nf6 7. f3 Nc6 8. Nc3 0-0 9. Be2 Bd7 10. 0-0 Nxd4 11. Bxd4 Bc6 12. c5 dxc5 13. Bxc5 Nd7 14. Bd4 Bxd4+ 15. Qxd4 e5 16. Qe3 Qb6 17. Qxb6 Nxb6 18. Rfd1 Rfd8 19. Kf2 a5 20. Bb5 Bxb5 21. Nxb5 Rac8 22. Rxd8+ Rxd8 23. Re1 Na4 24. Re2 Kf8 25. Rc2 b6 26. Ke2 Ke7 27. Nc7 Rd6 28. Nd5+ Kd8 29. b3 Nc5 30. Nxb6 Nxb3 31. Rc8+ Ke7 32. Nd5+ Kd7 33. Rc7+ Kd8 34. axb3 Rxd5 35. Rxf7 Rb5 36. Rxh7 Rxb3 37. Kf2 Kc8 38. Ra7 Rb5 39. h4 Kb8 40. Ra6 Kb7 41. Rxg6 a4 42. h5 a3 43. h6 a2 44. h7 a1Q 45. h8Q Rb2+ 46. Kg3 Ka7 47. Rg7+ Rb7 48. Rg8 Qe1+ 49. Kh2 Kb6 50. Ra8 Qd2 51. Qf6+ Kc7 52. Qxe5+ Kb6 53. Qe6+ 1-0

[Event "Wroclaw op-A 8th"]
[Site "Wroclaw"]
[Date "2013.07.01"]
[Round "1"]
[White "Markowski, Piotr"]
[Black "Dmochowska, Agnieszka"]
[Result "1-0"]
[WhiteElo "2139"]
[BlackElo "1807"]
[PlyCount "87"]
[EventDate "2013.07.01"]
[EventType "swiss"]
[EventRounds "9"]
[EventCountry "POL"]
[SourceTitle "CBM 155 Extra"]
[Source "ChessBase"]
[SourceDate "2013.08.26"]
[SourceVersion "1"]
[SourceVersionDate "2013.08.26"]
[SourceQuality "1"]

1. d4 Nf6 2. c4 e6 3. Nc3 Bb4 4. Qc2 c5 5. dxc5 Na6 6. a3 Bxc3+ 7. Qxc3 Nxc5 8. f3 0-0 9. b4 Na4 10. Qb3 b5 11. e4 d5 12. cxb5 Nb6 13. e5 Nfd7 14. Bb2 Qg5 15. Nh3 Qh4+ 16. g3 Qh5 17. Nf4 Qg5 18. Kf2 Nxe5 19. h4 Qf6 20. Kg2 Nbd7 21. Re1 Bb7 22. Bd4 Qf5 23. Bd3 Nxd3 24. Qxd3 Qxd3 25. Nxd3 Rfe8 26. Rc1 e5 27. Rc7 exd4 28. Rxd7 Re2+ 29. Nf2 Rb8 30. Rc1 Ba8 31. Rxa7 d3 32. b6 d2 33. Rd1 g6 34. a4 d4 35. a5 Bc6 36. Rc7 Ba4 37. Rxd2 Rxd2 38. b7 Rc2 39. Rxc2 Rxb7 40. Rb2 Bb5 41. Ne4 Rd7 42. Nf6+ Kf8 43. Nxd7+ Bxd7 44. b5 1-0

[Event "Wroclaw Anderssen Memorial op-B 22nd"]
[Site "Wroclaw"]
[Date "2013.06.30"]
[Round "2"]
[White "Markowski, Piotr"]
[Black "Dadello, Aleksandra"]
[Result "1-0"]
[WhiteElo "2139"]
[BlackElo "1843"]
[PlyCount "109"]
[EventDate "2013.06.30"]
[EventType "swiss"]
[EventRounds "7"]
[EventCountry "POL"]
[SourceTitle "EXT 2014"]
[Source "ChessBase"]
[SourceDate "2013.11.20"]
[SourceVersion "1"]
[SourceVersionDate "2013.11.20"]
[SourceQuality "1"]

1. c4 e5 2. Nc3 Nf6 3. g3 Bb4 4. Nf3 Nc6 5. Bg2 0-0 6. Nd5 Bc5 7. 0-0 e4 8. Ng5 Nxd5 9. cxd5 Qxg5 10. dxc6 Qf5 11. d3 dxc6 12. Bxe4 Qh5 13. Bf4 Bd6 14. Bd2 Bg4 15. Re1 Rfe8 16. Qb3 Rab8 17. Be3 c5 18. Qc2 b6 19. Rac1 Bf5 20. Bg2 Bh3 21. Qd2 Re7 22. Rc4 Bxg2 23. Kxg2 Qd5+ 24. Kg1 Rbe8 25. a4 Be5 26. b3 Bd4 27. Bf4 Qh5 28. e3 Bf6 29. e4 Bd4 30. Be3 Bxe3 31. Qxe3 f5 32. f3 Rd8 33. e5 Red7 34. e6 Re7 35. Rc2 Qg6 36. Rce2 f4 37. Qxf4 Rxd3 38. Kg2 Rd6 39. Qc4 Qf5 40. Qa6 h6 41. Qxa7 Rdxe6 42. Rxe6 Rxe6 43. Qa8+ Kh7 44. Re4 Rd6 45. Qe8 Rd2+ 46. Re2 Rxe2+ 47. Qxe2 Qf7 48. Qd3+ Kh8 49. h4 Qe6 50. g4 Qe5 51. h5 Qb2+ 52. Kh3 Qf2 53. Qc3 Qf1+ 54. Kg3 Qg1+ 55. Kf4 1-0

[Event "Wroclaw Anderssen Memorial op-B 22nd"]
[Site "Wroclaw"]
[Date "2013.06.30"]
[Round "4"]
[White "Markowski, Piotr"]
[Black "Pieniazek, Artur"]
[Result "1/2-1/2"]
[WhiteElo "2139"]
[BlackElo "2362"]
[PlyCount "110"]
[EventDate "2013.06.30"]
[EventType "swiss"]
[EventRounds "7"]
[EventCountry "POL"]
[SourceTitle "EXT 2014"]
[Source "ChessBase"]
[SourceDate "2013.11.20"]
[SourceVersion "1"]
[SourceVersionDate "2013.11.20"]
[SourceQuality "1"]

1. e4 c5 2. Nf3 e6 3. c3 d5 4. exd5 Qxd5 5. d4 Nf6 6. Bd3 cxd4 7. cxd4 Nc6 8. Nc3 Qd8 9. 0-0 Be7 10. Be3 0-0 11. Ne5 Bd7 12. Rc1 Rc8 13. f4 Nb4 14. Bb1 Nbd5 15. Rf3 Bc6 16. Bf2 g6 17. g4 Nxc3 18. Rfxc3 Qd5 19. Nxc6 Rxc6 20. Rxc6 bxc6 21. h3 Rb8 22. b3 Bd6 23. Qd2 Ne4 24. Qe3 Nxf2 25. Kxf2 Rc8 26. Be4 Qb5 27. a4 Qb6 28. Kf3 Rc7 29. Qd3 Be7 30. Qc4 Bf6 31. Rd1 a5 32. Rd3 Rd7 33. Qxc6 Qxc6 34. Bxc6 Rd6 35. Bb5 Bxd4 36. Ke4 Bc5 37. Rxd6 Bxd6 38. f5 exf5+ 39. gxf5 Kg7 40. fxg6 hxg6 41. Bc4 Bb4 42. Kf3 f5 43. Bd5 Kf6 44. Bc6 Bd6 45. Bb5 Kg5 46. Be8 Be5 47. Bf7 Kh6 48. Be8 Kg7 49. Bb5 Kf7 50. Bc6 Kf6 51. Be8 Bd6 52. Bb5 Ke7 53. Bc6 Kf6 54. Bb5 Kg5 55. Be8 Bb4 1/2-1/2

[Event "Wroclaw Anderssen Memorial op-B 22nd"]
[Site "Wroclaw"]
[Date "2013.06.30"]
[Round "1"]
[White "Stelmaszuk, Maciej"]
[Black "Markowski, Piotr"]
[Result "0-1"]
[WhiteElo "1522"]
[BlackElo "2139"]
[PlyCount "48"]
[EventDate "2013.06.30"]
[EventType "swiss"]
[EventRounds "7"]
[EventCountry "POL"]
[SourceTitle "EXT 2014"]
[Source "ChessBase"]
[SourceDate "2013.11.20"]
[SourceVersion "1"]
[SourceVersionDate "2013.11.20"]
[SourceQuality "1"]

1. d4 Nf6 2. c4 g6 3. Nc3 d5 4. cxd5 Nxd5 5. e4 Nxc3 6. bxc3 Bg7 7. Bc4 c5 8. Ne2 Nc6 9. Be3 0-0 10. 0-0 cxd4 11. cxd4 b6 12. Rc1 Na5 13. Bd5 Bb7 14. Bxb7 Nxb7 15. Qd2 Nd6 16. f3 Rc8 17. Rxc8 Qxc8 18. Rc1 Qa6 19. Rc7 h5 20. Nc3 Qa3 21. Nd5 e6 22. Ne7+ Kh7 23. e5 Nb5 24. Rc2 Qxe7 0-1

[Event "POL-chT 3rd League Wielkopolska 12/13"]
[Site "Poznan"]
[Date "2013.03.10"]
[Round "11.7"]
[White "Zakrzewski, Marek"]
[Black "Markowski, Piotr"]
[Result "1-0"]
[WhiteElo "2102"]
[BlackElo "2164"]
[PlyCount "73"]
[EventDate "2012.11.25"]
[EventType "team-tourn"]
[EventRounds "11"]
[EventCountry "POL"]
[SourceTitle "EXT 2014"]
[Source "ChessBase"]
[SourceDate "2013.11.20"]
[SourceVersion "1"]
[SourceVersionDate "2013.11.20"]
[SourceQuality "1"]
[WhiteTeam "Trzcianka MKS przy MDK"]
[BlackTeam "Rawicz Korona Rawbud"]
[WhiteTeamCountry "POL"]
[BlackTeamCountry "POL"]

1. e4 c5 2. Nf3 Nc6 3. d4 cxd4 4. Nxd4 g6 5. c4 Bg7 6. Nc2 Nf6 7. Nc3 0-0 8. Be2 d6 9. 0-0 a5 10. Na3 Nd7 11. Be3 Nc5 12. Nab5 a4 13. f3 Be6 14. Rb1 f5 15. Nd4 Bd7 16. exf5 gxf5 17. f4 Kh8 18. Bf3 Nb4 19. Nc2 Nc6 20. Qd2 Be6 21. Bd5 Bg8 22. Rfd1 Qa5 23. Nd4 Nb4 24. Bxg8 Kxg8 25. Qe2 a3 26. b3 e5 27. Ndb5 Rad8 28. fxe5 Ne4 29. Nxe4 fxe4 30. exd6 Nd3 31. Qg4 Rfe8 32. Rxd3 exd3 33. b4 Qa4 34. Bh6 Rd7 35. Qxd7 Bd4+ 36. Kh1 Re4 37. Qd8+ 1-0

[Event "POL-chT 3rd League Wielkopolska 12/13"]
[Site "Poznan"]
[Date "2013.02.24"]
[Round "8.7"]
[White "Markowski, Piotr"]
[Black "Szadkowski, Kamil"]
[Result "0-1"]
[WhiteElo "2164"]
[BlackElo "2200"]
[PlyCount "90"]
[EventDate "2012.11.25"]
[EventType "team-tourn"]
[EventRounds "11"]
[EventCountry "POL"]
[SourceTitle "EXT 2014"]
[Source "ChessBase"]
[SourceDate "2013.11.20"]
[SourceVersion "1"]
[SourceVersionDate "2013.11.20"]
[SourceQuality "1"]
[WhiteTeam "Rawicz Korona Rawbud"]
[BlackTeam "Konin UKS Smecz"]
[WhiteTeamCountry "POL"]
[BlackTeamCountry "POL"]

1. d4 d5 2. c4 e6 3. Nc3 Nf6 4. Nf3 c6 5. e3 Nbd7 6. Bd3 dxc4 7. Bxc4 b5 8. Bd3 Bb7 9. 0-0 a6 10. Qe2 c5 11. Rd1 cxd4 12. exd4 Be7 13. Ne5 0-0 14. Bg5 h6 15. h4 b4 16. Ne4 hxg5 17. hxg5 Nh7 18. Nc5 Bxc5 19. Bxh7+ Kxh7 20. dxc5 Bd5 21. Qh5+ Kg8 22. Nxf7 Nf6 23. Nh6+ gxh6 24. Qg6+ Kh8 25. Qxh6+ Nh7 26. g6 Qe7 27. Rd4 Qg7 28. Qh5 Rf5 29. Qxh7+ Qxh7 30. gxh7 Ra7 31. f3 a5 32. Kf2 Rxh7 33. Rc1 Rg7 34. b3 Rfg5 35. Rh4+ Kg8 36. Rh2 Rc7 37. g4 Rf7 38. Rh3 Bc6 39. Rc4 Rd5 40. Rh4 Rd3 41. f4 Bd5 42. Rc2 Rxf4+ 43. Ke2 Rg3 44. c6 Rg2+ 45. Kd3 Rf3+ 0-1

[Event "POL-chT 3rd League Wielkopolska 12/13"]
[Site "Poznan"]
[Date "2012.12.02"]
[Round "3.7"]
[White "Markowski, Piotr"]
[Black "Szuminski, Marek"]
[Result "1-0"]
[WhiteElo "2164"]
[BlackElo "2002"]
[PlyCount "55"]
[EventDate "2012.11.25"]
[EventType "team-tourn"]
[EventRounds "11"]
[EventCountry "POL"]
[SourceTitle "EXT 2014"]
[Source "ChessBase"]
[SourceDate "2013.11.20"]
[SourceVersion "1"]
[SourceVersionDate "2013.11.20"]
[SourceQuality "1"]
[WhiteTeam "Rawicz Korona Rawbud"]
[BlackTeam "Poznan Lech"]
[WhiteTeamCountry "POL"]
[BlackTeamCountry "POL"]

1. c4 e6 2. Nc3 Nf6 3. e4 c5 4. e5 Ng8 5. Nf3 Nc6 6. d4 cxd4 7. Nxd4 Qc7 8. Nxc6 dxc6 9. Bf4 Bb4 10. Bd3 Ne7 11. 0-0 Bxc3 12. bxc3 0-0 13. Qh5 Ng6 14. Bg3 Qe7 15. Rae1 Bd7 16. Re4 f5 17. exf6 gxf6 18. Bd6 Qxd6 19. Rh4 Rf7 20. Bxg6 Rg7 21. Bxh7+ Kf8 22. Rg4 Rxg4 23. Qxg4 Be8 24. Rd1 Qc7 25. Qg8+ Ke7 26. Bg6 Bxg6 27. Qxa8 b6 28. c5 1-0

[Event "POL-chT 3rd League Wielkopolska 12/13"]
[Site "Poznan"]
[Date "2012.11.25"]
[Round "1.31"]
[White "Tomaszewski, Kacper"]
[Black "Markowski, Piotr"]
[Result "0-1"]
[WhiteElo "1961"]
[BlackElo "2164"]
[PlyCount "110"]
[EventDate "2012.11.25"]
[EventType "team-tourn"]
[EventRounds "11"]
[EventCountry "POL"]
[SourceTitle "EXT 2014"]
[Source "ChessBase"]
[SourceDate "2013.11.20"]
[SourceVersion "1"]
[SourceVersionDate "2013.11.20"]
[SourceQuality "1"]
[WhiteTeam "Jarocin JKSW"]
[BlackTeam "Rawicz Korona Rawbud"]
[WhiteTeamCountry "POL"]
[BlackTeamCountry "POL"]

1. d4 Nf6 2. c4 e6 3. Nf3 d5 4. Nc3 Bb4 5. e3 Ne4 6. Qb3 c5 7. Nd2 Nc6 8. Ndxe4 cxd4 9. cxd5 exd5 10. Bb5 Ba5 11. Ng3 dxc3 12. bxc3 d4 13. exd4 Qxd4 14. Ne2 Qe4 15. 0-0 0-0 16. Ng3 Qe5 17. Bb2 Be6 18. c4 Nd4 19. Qd3 Rfd8 20. Rab1 a6 21. Ba4 Rac8 22. Qe3 Qxe3 23. fxe3 Nc6 24. Bb3 Bb6 25. Rbe1 Rd3 26. Nh5 Rxe3 27. Rxe3 Bxe3+ 28. Kh1 Bd4 29. Bxd4 Nxd4 30. Rc1 b5 31. Nf4 Bxc4 32. Nd5 Kf8 33. Nb6 Ne2 34. Rxc4 bxc4 35. Nxc8 cxb3 36. axb3 Nd4 37. b4 Nc6 38. Kg1 Nxb4 39. Kf2 Ke8 40. Nb6 Ke7 41. Ke3 Ke6 42. Kd4 Nc2+ 43. Ke4 f5+ 44. Kf4 h6 45. Na4 g5+ 46. Kf3 a5 47. Nc3 Ke5 48. Ke2 f4 49. Na4 g4 50. Nb2 Ke4 51. Nc4 a4 52. Kd2 Ne3 53. Nd6+ Kd5 54. Nb5 Nxg2 55. Nc3+ Kd4 0-1

[Event "POL-chT 2nd League"]
[Site "Lazy"]
[Date "2012.09.04"]
[Round "4"]
[White "Krainski, Aleksander"]
[Black "Markowski, Piotr"]
[Result "0-1"]
[WhiteElo "2244"]
[BlackElo "2174"]
[PlyCount "53"]
[EventDate "2012.09.01"]
[EventType "team-swiss"]
[EventRounds "9"]
[EventCountry "POL"]
[SourceTitle "EXT 2019"]
[Source "ChessBase"]
[SourceDate "2018.10.10"]
[SourceVersion "1"]
[SourceVersionDate "2018.10.10"]
[SourceQuality "1"]
[WhiteTeam "Grudziadz Rotmistrz"]
[BlackTeam "Srem LKS Piast"]
[WhiteTeamCountry "POL"]
[BlackTeamCountry "POL"]

1. Nf3 d5 2. d4 Nf6 3. e3 g6 4. c4 Bg7 5. Nc3 0-0 6. cxd5 Nxd5 7. Bc4 Nb6 8. Bb3 Nc6 9. 0-0 e5 10. dxe5 Nxe5 11. Nxe5 Bxe5 12. e4 Qh4 13. f4 Bg4 14. Qe1 Qxe1 15. Rxe1 Bxc3 16. bxc3 Rfe8 17. f5 Bxf5 18. Bf4 Bxe4 19. Bxc7 Rac8 20. Bg3 Rxc3 21. Rad1 Rcc8 22. Rd4 Bf5 23. Rxe8+ Rxe8 24. a4 Re3 25. Rb4 Re4 26. Rb5 Bd7 27. Ra5 0-1

[Event "POL-chT 2nd League"]
[Site "Lazy"]
[Date "2012.09.01"]
[Round "1"]
[White "Robak, Zbigniew"]
[Black "Markowski, Piotr"]
[Result "1-0"]
[WhiteElo "2235"]
[BlackElo "2174"]
[PlyCount "29"]
[EventDate "2012.09.01"]
[EventType "team-swiss"]
[EventRounds "9"]
[EventCountry "POL"]
[SourceTitle "EXT 2019"]
[Source "ChessBase"]
[SourceDate "2018.10.10"]
[SourceVersion "1"]
[SourceVersionDate "2018.10.10"]
[SourceQuality "1"]
[WhiteTeam "Znin Baszta II"]
[BlackTeam "Srem LKS Piast"]
[WhiteTeamCountry "POL"]
[BlackTeamCountry "POL"]

1. e4 e5 2. Nf3 Nf6 3. d4 Nxe4 4. Bd3 d5 5. Nxe5 Nd7 6. Nc3 Nxe5 7. dxe5 Bf5 8. 0-0 Bg6 9. Bxe4 dxe4 10. Qe2 Qe7 11. Rd1 c6 12. Bf4 f5 13. Nb5 cxb5 14. Qxb5+ Kf7 15. Rd7 1-0

[Event "Wroclaw op-A 7th"]
[Site "Wroclaw"]
[Date "2012.07.09"]
[Round "8"]
[White "Markowski, Piotr"]
[Black "Paszewski, Mateusz"]
[Result "0-1"]
[WhiteElo "2199"]
[BlackElo "2028"]
[PlyCount "98"]
[EventDate "2012.07.02"]
[EventType "swiss"]
[EventRounds "9"]
[EventCountry "POL"]
[SourceTitle "CBM 149 Extra"]
[Source "ChessBase"]
[SourceDate "2012.08.24"]
[SourceVersion "1"]
[SourceVersionDate "2012.08.24"]
[SourceQuality "1"]

1. d4 d5 2. c4 c6 3. Nc3 Nf6 4. Nf3 e6 5. Bg5 dxc4 6. e4 b5 7. e5 h6 8. Bh4 g5 9. Nxg5 hxg5 10. Bxg5 Nbd7 11. exf6 Bb7 12. g3 c5 13. d5 Qb6 14. Bg2 0-0-0 15. 0-0 b4 16. Na4 Qb5 17. a3 exd5 18. axb4 cxb4 19. Be3 Nc5 20. Qg4+ Rd7 21. Nxc5 Bxc5 22. Qg7 Rhd8 23. Bxc5 Qxc5 24. Bh3 Kc7 25. Bxd7 Rxd7 26. Qg5 Kb6 27. Rfe1 d4 28. Qxc5+ Kxc5 29. Re7 Bc6 30. h4 c3 31. bxc3 bxc3 32. h5 d3 33. Rxd7 Bxd7 34. h6 d2 35. h7 c2 36. h8Q d1Q+ 37. Rxd1 cxd1Q+ 38. Kh2 Bc6 39. Qf8+ Kb5 40. Qb8+ Kc4 41. Qf4+ Qd4 42. Qc1+ Kd5 43. Kg1 Qe4 44. Qc3 Ke6 45. Kf1 Qb1+ 46. Ke2 Qb5+ 47. Kd2 a5 48. Qe3+ Kxf6 49. g4 Qb2+ 0-1

[Event "Wroclaw op-A 7th"]
[Site "Wroclaw"]
[Date "2012.07.08"]
[Round "7"]
[White "Walentukiewicz, Michal"]
[Black "Markowski, Piotr"]
[Result "1/2-1/2"]
[WhiteElo "2113"]
[BlackElo "2199"]
[PlyCount "119"]
[EventDate "2012.07.02"]
[EventType "swiss"]
[EventRounds "9"]
[EventCountry "POL"]
[SourceTitle "CBM 149 Extra"]
[Source "ChessBase"]
[SourceDate "2012.08.24"]
[SourceVersion "1"]
[SourceVersionDate "2012.08.24"]
[SourceQuality "1"]

1. g3 e5 2. Bg2 Nf6 3. d3 d5 4. c4 c6 5. cxd5 cxd5 6. Nf3 Nc6 7. 0-0 Be7 8. Nc3 0-0 9. a3 d4 10. Nb1 Nd5 11. b4 f6 12. Bb2 Be6 13. Nbd2 b5 14. Rc1 Qb6 15. Nb3 a5 16. Nc5 Bxc5 17. bxc5 Qc7 18. Nd2 b4 19. Nc4 Nc3 20. Bxc3 dxc3 21. Nb6 Rad8 22. e3 Ne7 23. d4 exd4 24. exd4 Nf5 25. axb4 axb4 26. Re1 Nxd4 27. Rxe6 Nxe6 28. Qb3 Qe5 29. Bd5 Rfe8 30. c6 Kh8 31. Bxe6 Qxe6 32. Qxe6 Rxe6 33. c7 Rg8 34. c8Q Rxc8 35. Nxc8 b3 36. Rxc3 b2 37. Rb3 Re1+ 38. Kg2 b1Q 39. Rxb1 Rxb1 40. Nd6 Ra1 41. h4 h5 42. Nf5 Kh7 43. Ne3 Ra5 44. Nc2 Kg6 45. Nd4 Ra4 46. Ne6 Rc4 47. Kf3 Kf7 48. Nf4 g5 49. hxg5 fxg5 50. Nxh5 Ke6 51. g4 Ke5 52. Kg3 Kd4 53. Ng7 Rc6 54. Nf5+ Ke4 55. f3+ Ke5 56. Ne3 Rc3 57. Nd1 Rc4 58. Nf2 Rd4 59. Nh3 Kf6 60. Nf2 1/2-1/2

[Event "POL-chT3 Wielkopolska 1112"]
[Site "Poland"]
[Date "2012.??.??"]
[Round "7.13"]
[White "Markowski, Piotr"]
[Black "Nadstoga, Wojciech"]
[Result "1-0"]
[WhiteElo "2173"]
[BlackElo "2060"]
[PlyCount "55"]
[EventDate "2011.11.27"]
[EventType "team-tourn"]
[EventRounds "11"]
[EventCountry "POL"]
[SourceTitle "EXT 2014"]
[Source "ChessBase"]
[SourceDate "2013.11.20"]
[SourceVersion "1"]
[SourceVersionDate "2013.11.20"]
[SourceQuality "1"]
[WhiteTeam "Rawicz Korona Rawbud"]
[BlackTeam "Wolsztyn UKS Szach"]
[WhiteTeamCountry "POL"]
[BlackTeamCountry "POL"]

1. d4 Nf6 2. c4 g6 3. Nc3 Bg7 4. e4 d6 5. Nf3 0-0 6. Be2 Nc6 7. d5 Ne5 8. Nxe5 dxe5 9. Bg5 c5 10. dxc6 bxc6 11. Qxd8 Rxd8 12. Rd1 Rxd1+ 13. Kxd1 h6 14. Be3 Ne8 15. Na4 f5 16. f3 fxe4 17. fxe4 Be6 18. Nc5 Rd8+ 19. Kc2 Bf7 20. b4 Nd6 21. Kc3 Ra8 22. a4 a5 23. b5 cxb5 24. axb5 Rc8 25. Rd1 g5 26. b6 Be8 27. Bg4 Rxc5 28. Rxd6 1-0